Zemletrjasenije:gde,kogda,počemu?

Gespeichert in:
Bibliographische Detailangaben
Hauptverfasser: Drumja, A.V (Verfasst von), Šebalin, N.V (Verfasst von)
Format: Buch
Sprache:Russisch
Veröffentlicht: Kišinev : Štiinca, 1985
Tags: Tag hinzufügen
Keine Tags, Fügen Sie das erste Tag hinzu!

MARC

LEADER 00000nam a22000003a 4500
001 stu29608
005 20150617225739.0
008 950905s1985----xxr-----------------rus-d
040 |a STU  |b slo 
041 0 |a rus 
044 |a xxr 
080 |a 550.34 
100 1 |a Drumja, A.V  |4 aut 
245 1 |a Zemletrjasenije:gde,kogda,počemu? 
260 |a Kišinev :  |b Štiinca,  |c 1985 
300 |a 193 s 
700 1 |a Šebalin, N.V  |4 aut 
996 |c V*35025/O-14487  |l VV5  |s P  |a 0  |w stu29608_0001